|
|
|
|
| LEADER |
00000nam2a2200000 4500 |
| 001 |
87959 |
| 005 |
20231101213554.0 |
| 010 |
|
|
|a 5881320980
|
| 035 |
|
|
|a (RuTPU)RU\TPU\book\94438
|
| 035 |
|
|
|a RU\TPU\book\94437
|
| 090 |
|
|
|a 87959
|
| 100 |
|
|
|a 20051219d1994 m y0rusy50 ca
|
| 101 |
1 |
|
|a rus
|c eng
|
| 102 |
|
|
|a LV
|
| 105 |
|
|
|a y z 000ay
|
| 200 |
0 |
|
|a Кн. 24 : Рассказы
|
| 210 |
|
|
|d 1994
|
| 215 |
|
|
|a 496 с.
|
| 461 |
|
1 |
|0 (RuTPU)RU\TPU\book\94434
|t Миры Роберта Хайнлайна
|o в 25 кн.
|o пер. с англ.
|f Р. Хайнлайн
|v Кн. 24 : Рассказы
|d 1992-
|
| 606 |
1 |
|
|a Американская литература (англо-язычная литература)
|2 stltpush
|3 (RuTPU)RU\TPU\subj\28887
|9 52349
|
| 610 |
1 |
|
|a рассказы
|
| 610 |
1 |
|
|a фантастика
|
| 675 |
|
|
|a 82
|v 3
|
| 801 |
|
1 |
|a RU
|b 63413507
|c 20011228
|g PSBO
|
| 801 |
|
2 |
|a RU
|b 63413507
|c 20220603
|g PSBO
|
| 942 |
|
|
|c BK
|